000
00456nam a2200181Ia 4500
008
090124s9999 xx 000 0 und d
082
_b
125897
100
_a
सडेकर रामचंद्र
245
_a
आग
250
_a
2
260
_c
1994
300
_a
527
600
_a
सडेकर रामचंद्र
630
_a
आग
700
_a
सडेकर रामचंद्र
730
_a
आग
942
_c
BOOK
999
_c
171987
_d
171987